000 00977nam a22003257a 4500
001 BR7375244
003 BR-BrBNA
005 20230928084413.0
007 ta
008 230509b bl.||||| |||| 00| 0 por d
040 _aBR-BrBNA
_bpor
_cBiblioteca Nacional de Agricultura
041 _a(Por)
072 _aE70
_b0470
_b8968
_b8970
_b8901
_b/G514
090 _ 0470 BR7375244
110 1 _aSuperintendencia do Desenvolvimento do Nordeste, Recife, PE (Brasil). Depto. de Agricultura e Abastecimento
245 1 _aEstudo de mercado de produtos agropecuarios do nordeste, juta, couros e peles, madeiras [Brasil]
260 3 _aRecife, PE (Brasil):
_c1971.
300 _a231 p.
500 _a32 tables; 30 ref.
650 _aJUTA
650 _aCOURO
650 _aPELE
650 _aMADEIRA
650 _aESTATISTICA DE PRODUCAO
650 _aDEMANDA
650 _aEXPORTACAO
650 _aREGIAO NORDESTE
909 _a202309
_bLucia
_c55
_dLucia Elande
942 _cBK
999 _c18724
_d18724